Statistics for Best City in Every U.S. State

Click here to take the quiz!

General Stats

  • This quiz has been taken 43 times
  • The average score is 18 of 47

Answer Stats

HintAnswer% Correct
CaliforniaSan Diego
85%
MassachusettsBoston
85%
LouisianaNew Orleans
82%
AlaskaAnchorage
82%
MainePortland
79%
IllinoisChicago
76%
NevadaLas Vegas
74%
TexasAustin
74%
PennsylvaniaPhiladelphia
71%
MissouriKansas City
68%
New York
68%
WashingtonSeattle
68%
IdahoBoise
68%
OhioCincinnati
62%
OklahomaTulsa
62%
North CarolinaCharlotte
62%
ColoradoBoulder
56%
North DakotaFargo
53%
WisconsinMadison
53%
New MexicoSanta Fe
50%
South DakotaSioux Falls
47%
KentuckyLexington
44%
ArizonaFlagstaff
41%
MinnesotaDuluth
35%
HawaiiHilo
35%
GeorgiaAthens
26%
OregonBend
26%
ArkansasFayetteville
26%
TennesseeChattanooga
24%
IowaIowa City
21%
Rhode IslandNewport
18%
WyomingLaramie
18%
AlabamaAuburn
15%
FloridaSt. Petersburg
15%
New HampshirePortsmouth
12%
MichiganTraverse City
9%
South CarolinaGreenville
9%
KansasLawrence
9%
IndianaBloomington
9%
UtahPark City
9%
DelawareRehoboth
9%
MississippiHattiesburg
3%
New JerseyMontclair
0%
MontanaBazeman
0%
MarylandFredrick
0%
VermontBelington
0%
VirginiaCharlottesville
0%

Score Distribution

Percentile by Number Answered

Percent of People with Each Score

Your Score History

You have not taken this quiz